| 000 | 00417nam a22001337a 4500 | ||
|---|---|---|---|
| 040 | _cNUST | ||
| 082 | _a891.4393,IBN | ||
| 100 |
_aIbn e Insha _9110333 |
||
| 245 |
_aIbn e Battuta K Taqub Mein / ابن بطوطہ کے تعاقب میں (Urdu) / _cIbn e Insha |
||
| 260 |
_aLahore _bLahore Acadmy _c1974,2011 |
||
| 300 | _a288 p.; | ||
| 650 |
_aUrdu Literature _xSafar namah _9110334 |
||
| 942 |
_2ddc _cBK _k891.4393,IBN |
||
| 999 |
_c593754 _d593754 |
||